000 00360pab a2200157 454500
008 180718b2013 xxu||||| |||| 00| 0 eng d
100 _aKapoor, Satish K.
245 _aMan-making in nation-making
260 _c2013
300 _ap.7,12.
362 _a20 May
650 _aNation building
773 _aUniversity News
908 _aN
909 _a101143
999 _c101142
_d101142